<?xml version="1.0" encoding="UTF-8"?>
<collection xmlns="http://www.loc.gov/MARC21/slim">
 <record>
  <leader>02044nam a2200205Ia 4500</leader>
  <controlfield tag="001">CTU_169171</controlfield>
  <controlfield tag="008">210402s9999    xx            000 0 und d</controlfield>
  <datafield tag="020" ind1=" " ind2=" ">
   <subfield code="c">84000</subfield>
  </datafield>
  <datafield tag="082" ind1=" " ind2=" ">
   <subfield code="a">624.1834</subfield>
  </datafield>
  <datafield tag="082" ind1=" " ind2=" ">
   <subfield code="b">Đ110</subfield>
  </datafield>
  <datafield tag="100" ind1=" " ind2=" ">
   <subfield code="a">Bạch, Văn Đạt</subfield>
  </datafield>
  <datafield tag="245" ind1=" " ind2="0">
   <subfield code="a">Các bảng tra hỗ trợ tính toán kết cấu</subfield>
  </datafield>
  <datafield tag="245" ind1=" " ind2="0">
   <subfield code="c">Bạch Văn Đạt</subfield>
  </datafield>
  <datafield tag="260" ind1=" " ind2=" ">
   <subfield code="a">Hà Nội</subfield>
  </datafield>
  <datafield tag="260" ind1=" " ind2=" ">
   <subfield code="b">Xây dựng</subfield>
  </datafield>
  <datafield tag="260" ind1=" " ind2=" ">
   <subfield code="c">2011</subfield>
  </datafield>
  <datafield tag="520" ind1=" " ind2=" ">
   <subfield code="a">Hiện nay đất nước ta đang bước vào thời kỹ đổi mới và phát triển kinh tế một cách mạnh mẽ, do đó nhu cầu xây dựng các công trình dân dụng và công nghiệp cũng tăng lên không ngừng. Chính vì vậy mà việc ứng dụng các kết cấu bê tông cốt thép, cũng như các phương pháp tính toán kết cấu luôn luôn chiếm một vị trí quan trọng trong thiết kế xây dựng công trình. Tập tài liệu “Các bảng tra hỗ trợ tính toán kết cấu” được soạn theo các tài liệu đã được ứng dụng và tổng kết trong qúa trình công tác của tác giả từ những năm 1970 đến nay. Tác giả đã chuyển những bài toán kết cấu hoàn toàn dựa trên lý thuyết tính toán đầy rắc rối, phức tạp và cần phải có công cụ tính toán mới thực hiện được trở thành các bảng tra đơn giản mà không cần phải làm các phép tính. Cuốn sách sẽ giúp ích cho các kỹ sư làm công tác thiết kế, cũng như các kỹ sư thi công ngoài công trường.</subfield>
  </datafield>
  <datafield tag="650" ind1=" " ind2=" ">
   <subfield code="a">Reinforced concrete,Reinforced concrete construction,Bê tông cốt thép,Xây dựng bê tông cốt thép</subfield>
  </datafield>
  <datafield tag="904" ind1=" " ind2=" ">
   <subfield code="i">Hai Y, Trọng Hiếu</subfield>
  </datafield>
  <datafield tag="980" ind1=" " ind2=" ">
   <subfield code="a">Trung tâm Học liệu Trường Đại học Cần Thơ</subfield>
  </datafield>
 </record>
</collection>
